Statistiques concernant Nourriture qui commence par S

Cliquez ici pour prendre le quiz!

Statistiques générales

  • Ce quiz a été pris 149 fois
  • Le résultat moyen est 4 sur 7

Statistiques - réponses

Réponse% Correct
Saumon
99%
Sucre
99%
Sirop
76%
Souris
51%
Seiche
39%
Seigle
31%
Supion
11%

Distribution des résultats

Percentile par nombre de réponses

% des personnes avec chaque résultat

Votre développement - résultats

Vous n’avez pas pris ce quiz